00790nam a22002057a 450000500170000002000180001703700080003510000240004324500570006726000450012427000760016930000280024549000710027350000210034450000930036570000230045894200170048199900170049895200690051520120103111847.0 a9788128624131 bPUB aLarry, H.I. 938092 aSky high /cby H.I. Larry; illustrated by Andy Hook  aNew Delhi bNavneet Publicationsc(201?) a2-E, 23, Orion Plaza, 2nd Floor, Jhandewalan, Extn.bNew Delhi e110055 a90p. bill.c20cm(pbk)  aZac power; 24 hours to sav the world...and do teh uacuuming938093 aA set of 5 books aChildren will experience the feeling of ecstasy and relish the treasure of wit nd wisdom aHook, Andy938094 2ddccCHmLAR c60168d60168 0010407-1aAGbAGd2012-01-03l0oLARr2012-01-03 00:00:00yCH